000 00458nam a2200193Ia 4500
005 20240408135738.0
008 131103s9999 xx 000 0 und d
020 _cRs.50.00
040 _aLoreto College
041 _aEnglish
082 _a370
_bSIN
100 _aSingh, Sukumar
245 _aShiksha Prasanga
_cSukumar Singh
260 _aKolkata
_bMass Education
_c2009
300 _a208p.
650 _aEducation
850 _aLCBED
942 _cBK
999 _c38002
_d88481